Statistics for Footballer club quiz 2

Click here to take the quiz!

General Stats

  • This quiz has been taken 24 times
  • The average score is 9 of 17

Answer Stats

ClubClubClubClubAnswer% Correct
Znicz PruszkówLech Poznań Boussia DortmundBayern MunichLewandowski
85%
VictoriaBenficaPSGChelsea (2)Luiz
75%
Valencia Barcelona Atlético Madrid New York City Villa
75%
LiverpoolPortsmouthSpursStokeCrouch
70%
Manchester CityTorino (loan)West Ham (loan)BurnleyHart
70%
MetzRB Salzburg Southampton LiverpoolMane
65%
PortoMonacoReal MadridBayern Munich (loan)Rodriguez
65%
JuventusInterAjax (2)BarnetDavids
55%
Lisbon Barcelona Real Madrid InterFigo
55%
Argentina juniorsBoca Juniors BarcelonaNapoliMaradona
55%
BarcelonaInterReal Madrid MilanRonaldo
55%
Ajax (2)BarcelonaLA AztectsFeyenoordCruyff
50%
Kaiserslautern Weirder Bremen Bayern Munich LazioKlose
50%
Gremio PSGBarcelona MilanRonaldinho
50%
Marseille Real MadridChelseaPSGMakelele
25%
ArsenalJuventusInterManchester CityVieira
25%
Groningen CelticSouthampton Liverpool Van djik
10%

Score Distribution

Percentile by Number Answered

Percent of People with Each Score

Your Score History

You have not taken this quiz